000 01176nam0a22002891 4500
001 rc\2370657
005 20260406224257.0
035 _a(NLR Aleph) 006508649
090 _a6306783
_c6306783
100 _a20110829d1976 |||y0rusy50 ca
101 0 _arus
102 _aRU
105 _aa b |||||
200 1 _aЮрий Иванович Васильев, 1924-1975
_eЖивопись
_eКаталог выставки
210 _aМосква
_cСов. художник
_d1976
215 _a[10] с., 6 л. ил.
_cцв. ил.
_d20
300 _aНа обороте тит. л. сост.: Н. Пучкина
300 _aВ надзаг.: Союз. художников РСФСР, Моск. обл. организация
606 _aРусская советская живопись
_xВыставки
_yМосква
_z1976
_2rkp
702 1 _aПучкина
_bН.
_4220
710 1 0 _aВасильев,
_eМосква
_f1976
_gЮрий Иванович
_hВыставка произведений
_9456101
_3RU\NLR\AUTH\889979880
801 0 _aRU
_bNLR
_gpsbo
801 1 _aRU
_bELAR
_2rusmarc
852 _aNLR
_bЭ
_jКП/В191
942 _cBOOK
980 _aNB